000 00915nam a2200241 u 4500
001 000872906
003 AM-YEHGA
005 20250617160500.0
008 120306s1934 ru r 000 0 rus d
040 _aAM-YeHGA
041 0 _arus
245 0 0 _aПлодоводство :
_bЭкономика и агротехника плодово-ягодных культур /
_cН.Г. Жучков, А.П. Коваль, В.В. Малинковский, В.П. Великанова.
260 _aМосква ;
_aЛенинград :
_bСельхозгиз,
_c1934.
300 _a542 с. :
_bрис., табл. ;
_c22 см.
650 1 4 _aПлодовые культуры
650 1 4 _aЯгодоводство
700 1 _aЖучков, Н.Г.
700 1 _aКоваль, А.П.
700 1 _aМалинковский, В.В.
700 1 _aВеликанова, В.П.
942 _2udc
_cBK
090 _c457062
999 _c454081
_d454081